Szczegóły MARC21

Człowiek wobec uzależnień : wybrane problemy /

003 -Nazwa inst., której nr kontr. jest w polu 001 [,]
    • @
    • Nazwa instytucji, której n kontrolny jest w polu 001
    • NUKAT
005 -DATA I CZAS OSTATNIEJ MODYFIKACJI [,]
    • @
    • pole kontrolne
    • 20241231100933.0
020 -Międzynarod. znormalizowany nr książki - ISBN [ , ]
    • a
    • Numer ISBN
    • 9788375454956 Find
040 -Instytucja sporządzająca opis [ , ]
    • a
    • Instytucja, która sporządziła opis (NP)
    • Ł U/GS
    • c
    • Instytucja, która sporządziła rekord (NP)
    • Ł U/GS
    • d
    • Instytucja, która zmodyfikowała rekord (P)
    • Ł U/GS
    • d
    • Instytucja, która zmodyfikowała rekord (P)
    • Ł U/MRs
942 -Rodzaj dokumentu [ , ]
    • c
    • Rodzaj dokumentu
    • Książka
245 -Strefa tytułu i oznaczenia odpowiedzialności [0,0]
    • a
    • Tytuł
    • Człowiek wobec uzależnień : Find
    • b
    • Ciąg dalszy tytułu (NP)
    • wybrane problemy / Find
    • c
    • Pozostałe elementy strefy tytułu i oznaczenia odpowiedzialności (NP)
    • Mariusz Jędrzejko, Marzena Netczuk-Gwoździewicz red. nauk.
260 -Strefa adresu wydawniczego [ , ]
    • a
    • Miejsce wydania (P)
    • Warszawa :
    • b
    • Nazwa wydawcy (P)
    • Oficyna Wydawnicza ASPRA-JR,
    • c
    • Data wydania (P)
    • 2013.
300 -Strefa opisu fizycznego [ , ]
    • a
    • Określenie formy książki i/lub objętość (NP)
    • 199 s. :
    • b
    • Oznaczenie ilustracji (NP)
    • il. ;
    • c
    • Format (NP)
    • 24 cm.
336 -Typ zawartości [ , ]
    • a
    • Termin opisujący typ zawartości
    • Tekst
    • b
    • Kod określający zawartość
    • txt
    • 2
    • Źródło (terminu i kodu)
    • rdacontent
337 -Typ mediów [ , ]
    • a
    • Tryb odtwarzania
    • Bez urządzenia pośredniczącego
    • b
    • Kod typu mediów
    • n
    • 2
    • Źródło (terminu i kodu)
    • rdamedia
338 -Typ/rodzaj nośnika [ , ]
    • a
    • Hasło opisujące typ nośnika
    • Wolumin
    • b
    • Kod typu nośnika
    • nc
    • 2
    • Źródło (terminu i kodu)
    • rdacarrier
490 -Strefa serii i książki wielotomowej - forma nie do wyszukiwania [1, ]
    • a
    • Tytuł (P)
    • Pułapki Współczesności : studia, badania, praktyka Find
830 -Hasło dodatkowe serii i opisu książki wielotomowej - tytuł ujednolicony/tytuł [ ,0]
    • a
    • Tytuł ujednolicony/tytuł (NP)
    • Pułapki Współczesności
    • 9
    • KHW
    • 77316
504 -Uwaga dot. bibliogr. załącznikowej [ , ]
    • a
    • Uwaga dot. bibliografii załącznikowej
    • Bibliogr. s. 181-197.
080 -Uniwersalna Klasyfikacja Dziesiętna [ , ]
    • 2
    • Identyfikator wydania tablic
    • UDC-P058
    • 9
    • UKD
    • 45871
    • a
    • Symbol klasyfikacji
    • 159.9-056.83
    • b
    • Dopowiedzenie
    • Psychologia osób ulegających nałogom (alkoholicy, narkomani, nałogowi palacze itp.)
080 -Uniwersalna Klasyfikacja Dziesiętna [ , ]
    • 2
    • Identyfikator wydania tablic
    • UDC-P058
    • 9
    • UKD
    • 4587
    • a
    • Symbol klasyfikacji
    • 613.8
    • b
    • Dopowiedzenie
    • Higiena układu nerwowego. Higiena i moralność.
080 -Uniwersalna Klasyfikacja Dziesiętna [ , ]
    • 2
    • Identyfikator wydania tablic
    • UDC-P058
    • 9
    • UKD
    • 3784
    • a
    • Symbol klasyfikacji
    • 364.63
    • b
    • Dopowiedzenie
    • Przemoc. Znęcanie się. Złe traktowanie.
080 -Uniwersalna Klasyfikacja Dziesiętna [ , ]
    • 2
    • Identyfikator wydania tablic
    • UDC-P058
    • 9
    • UKD
    • 3814
    • a
    • Symbol klasyfikacji
    • 37.013.42
    • b
    • Dopowiedzenie
    • Pedagogika społeczna.
650 -Hasło przedmiotowe [ ,7]
    • a
    • Hasło przedmiotowe
    • Przestępstwa komputerowe.
    • 2
    • Źródło terminu
    • kaba
    • 9
    • KHW
    • 126675
650 -Hasło przedmiotowe [ ,7]
    • a
    • Hasło przedmiotowe
    • Narkomania.
    • 2
    • Źródło terminu
    • kaba
    • 9
    • KHW
    • 222138
650 -Hasło przedmiotowe [ ,7]
    • a
    • Hasło przedmiotowe
    • Uzależnienie (fizjologia).
    • 2
    • Źródło terminu
    • kaba
    • 9
    • KHW
    • 134833
650 -Hasło przedmiotowe [ ,7]
    • a
    • Hasło przedmiotowe
    • Uzależnienie od Internetu.
    • 2
    • Źródło terminu
    • kaba
    • 9
    • KHW
    • 173520
650 -Hasło przedmiotowe [ ,7]
    • a
    • Hasło przedmiotowe
    • Uzależnienie (psychologia).
    • 2
    • Źródło terminu
    • kaba
    • 9
    • KHW
    • 134834
980 -Symbol UKD [ , ]
    • a
    • UKD
    • 159.9-056.83:613.8:364.63:37.016.42
700 -Hasło dodatkowe - nazwa osobowa [1, ]
    • a
    • Nazwa osobowa (NP)
    • Jędrzejko, Mariusz. Find
    • e
    • Określenie rodzaju współpracy
    • Red.
    • 9
    • KHW
    • 11560
700 -Hasło dodatkowe - nazwa osobowa [1, ]
    • a
    • Nazwa osobowa (NP)
    • Netczuk-Gwoździewicz, Marzena. Find
    • e
    • Określenie rodzaju współpracy
    • Red.
    • 9
    • KHW
    • 77315
710 -Hasło dodatkowe - nazwa ciała zbiorowego [2, ]
    • a
    • Nazwa ciała zbiorowego lub nazwa geograficzna jako pierwszy element (NP)
    • Oficyna Wydawnicza Aspra-JR.
    • 4
    • Kod relacji
    • pbl
    • 9
    • KHW
    • 54095
920 -ISBN [ , ]
    • a
    • ISBN
    • 978-83-7545-495-6 Find
Data inwentaryzacji Sygnatura Status udost. Lokalizacja Numer inwentarzowy
2014-05-30 1BGZ.118574
2015-06-29Uzależnienia, patologie 231BMWF.9780